[Event "POL-chT 50th"]
[Site "Lubniewice"]
[Date "1994.??.??"]
[Round "5"]
[White "Perdek, Miroslaw"]
[Black "Pieniazek, Andrzej"]
[Result "1-0"]
[WhiteElo "2310"]
[BlackElo "2240"]
[PlyCount "97"]
[EventDate "1994.09.22"]
[EventType "team-tourn"]
[EventRounds "11"]
[EventCountry "POL"]
[SourceTitle "EXT 2019"]
[Source "ChessBase"]
[SourceDate "2018.10.10"]
[SourceVersion "1"]
[SourceVersionDate "2018.10.10"]
[SourceQuality "1"]
[WhiteTeam "Wroclaw Hetman"]
[BlackTeam "Glogow MOK Chrobry"]
[WhiteTeamCountry "POL"]
[BlackTeamCountry "POL"]

1. d4 Nf6 2. c4 g6 3. Nc3 Bg7 4. e4 d6 5. Nf3 0-0 6. Be2 e5 7. 0-0 Nc6 8. d5 Ne7 9. Ne1 Nd7 10. Nd3 f5 11. Bd2 Nf6 12. f3 f4 13. c5 g5 14. Rc1 Ng6 15. cxd6 cxd6 16. Nb5 Rf7 17. Qc2 Ne8 18. a4 h5 19. Nf2 Bf8 20. Qb3 Rg7 21. h3 Nh4 22. Rc2 a6 23. Na3 Nf6 24. Be1 g4 25. hxg4 hxg4 26. Nxg4 Nxg4 27. fxg4 Bxg4 28. Bxg4 Rxg4 29. Qh3 Qg5 30. Bxh4 Rxh4 31. Qe6+ Kh8 32. Rf3 Qh5 33. Kf2 Re8 34. Qd7 Rh1 35. Rh3 Rxh3 36. Qxh3 Qxh3 37. gxh3 Re7 38. Rc8 Kg8 39. Nc4 Rh7 40. Nxd6 Rxh3 41. Nc4 Rh2+ 42. Kf3 Rc2 43. d6 Rxc4 44. d7 Rd4 45. d8Q Rxd8 46. Rxd8 Kf7 47. Rd7+ Ke6 48. Rxb7 a5 49. Rb6+ 1-0

[Event "Cuxhaven op"]
[Site "Cuxhaven"]
[Date "1993.??.??"]
[Round "6"]
[White "Pieniazek, Andrzej"]
[Black "Eingorn, Vereslav S"]
[Result "0-1"]
[WhiteElo "2240"]
[BlackElo "2580"]
[PlyCount "96"]
[EventDate "1993.03.??"]
[EventType "swiss"]
[EventRounds "9"]
[EventCountry "GER"]
[SourceTitle "EXT 1997"]
[Source "ChessBase"]
[SourceDate "1996.11.15"]
[SourceVersion "1"]
[SourceVersionDate "1996.11.15"]
[SourceQuality "1"]

1. d4 e6 2. c4 Bb4+ 3. Bd2 a5 4. e4 d6 5. Nf3 Nf6 6. Bd3 e5 7. 0-0 Bg4 8. d5 Nbd7 9. h3 Bh5 10. Bc2 0-0 11. a3 Bxf3 12. Qxf3 Bxd2 13. Nxd2 a4 14. b4 axb3 15. Nxb3 Ra6 16. a4 Qa8 17. a5 Qa7 18. Qc3 Nh5 19. g3 g6 20. Kg2 c6 21. Qb4 Qb8 22. Bd3 c5 23. Qb5 Qc7 24. Rfb1 Rfa8 25. Rb2 R8a7 26. Rba2 Qd8 27. Nc1 Nhf6 28. Ra4 h5 29. h4 Kg7 30. R1a2 Ng4 31. R4a3 Ndf6 32. Qb2 Rxa5 33. Rxa5 Rxa5 34. Qxb7 Rxa2 35. Nxa2 Qa5 36. Qb2 Qe1 37. Qe2 Qxe2 38. Bxe2 Nxe4 39. f3 Ne3+ 40. Kh3 Nd2 41. Nc3 f5 42. Nb5 Ndxc4 43. g4 hxg4+ 44. fxg4 fxg4+ 45. Kg3 Nf5+ 46. Kxg4 Nce3+ 47. Kg5 Nd4 48. Nxd4 exd4 0-1

[Event "Wch U26"]
[Site "Odessa"]
[Date "1990.??.??"]
[Round "8"]
[White "Fioramonti, Hung"]
[Black "Pieniazek, Andrzej"]
[Result "1/2-1/2"]
[WhiteElo "2355"]
[BlackElo "2245"]
[PlyCount "26"]
[EventDate "1990.??.??"]
[EventType "swiss"]
[EventRounds "9"]
[EventCountry "URS"]
[SourceTitle "EXT 1997"]
[Source "ChessBase"]
[SourceDate "1996.11.15"]
[SourceVersion "1"]
[SourceVersionDate "1996.11.15"]
[SourceQuality "1"]

1. Nf3 Nf6 2. c4 e6 3. d4 b6 4. Nc3 Bb7 5. a3 d5 6. cxd5 Nxd5 7. Qc2 Be7 8. Nxd5 Bxd5 9. e4 Bb7 10. Bb5+ c6 11. Bc4 0-0 12. 0-0 c5 13. Be3 Nd7 1/2-1/2

[Event "Wch U26"]
[Site "Odessa"]
[Date "1990.??.??"]
[Round "5"]
[White "Pieniazek, Andrzej"]
[Black "Mrva, Martin"]
[Result "1/2-1/2"]
[WhiteElo "2245"]
[BlackElo "2340"]
[PlyCount "45"]
[EventDate "1990.??.??"]
[EventType "swiss"]
[EventRounds "9"]
[EventCountry "URS"]
[SourceTitle "EXT 1997"]
[Source "ChessBase"]
[SourceDate "1996.11.15"]
[SourceVersion "1"]
[SourceVersionDate "1996.11.15"]
[SourceQuality "1"]

1. d4 Nf6 2. c4 g6 3. Nf3 Bg7 4. g3 0-0 5. Bg2 d6 6. 0-0 c5 7. Nc3 Nfd7 8. d5 Na6 9. Bf4 Nc7 10. e4 Rb8 11. a4 a6 12. Qe2 f6 13. Rab1 b6 14. b4 a5 15. b5 Ne5 16. Ne1 Nf7 17. Nd3 f5 18. Rbc1 e5 19. dxe6 Nxe6 20. Be3 Nd4 21. Qd1 Ne5 22. Nxe5 dxe5 23. Nd5 1/2-1/2